LEADER 01494nam a2200349 i 4500 001 991001298519707536 005 20020507190858.0 008 951026s1979 uk ||| | eng 020 $a0521226368 035 $ab10828096-39ule_inst 035 $aLE01310119$9ExL 040 $aDip.to Matematica$beng 082 0 $a512.55 084 $aAMS 22-06 084 $aAMS 22-XX 084 $aAMS 22E 100 1 $aAtiyah, Michael Francis$044462 245 10$aRepresentation theory of Lie groups :$bproceedings of the SRC/LMS Research Symposium on Representations of Lie Groups, Oxford, 28 June-15 July 1977 /$cM. F. Atiyah ... [et al.] ; with the editorial assistance of G. L. Luke 260 $aCambridge :$bCambridge University Press,$c1979 300 $av, 341 p. ;$c23 cm 490 0 $aLondon Mathematical Society lecture note series,$x0076-0552 ;$v34 500 $aIncludes bibliographies and index 650 0$aLie groups$xCongresses 650 0$aRepresentations of groups$xCongresses 700 1 $aLuke, G. L. 907 $a.b10828096$b23-02-17$c28-06-02 912 $a991001298519707536 945 $aLE013 22-XX ATI11 C.2 (1979)$g2$i2013000038605$lle013$o-$pE0.00$q-$rl$s- $t0$u1$v0$w1$x0$y.i10936129$z28-06-02 945 $aLE013 22-XX ATI11 C.1 (1979)$g1$i2013000040448$lle013$o-$pE0.00$q-$rl$s- $t0$u1$v0$w1$x0$y.i10936130$z28-06-02 996 $aRepresentation Theory of Lie Groups$9338304 997 $aUNISALENTO 998 $ale013$b01-01-95$cm$da $e-$feng$guk $h0$i2 LEADER 01869oam 2200469 450 001 9910713662003321 005 20200624082756.0 035 $a(CKB)5470000002503053 035 $a(OCoLC)966434958 035 $a(OCoLC)995470000002503053 035 $a(EXLCZ)995470000002503053 100 $a20161219d1994 ua 0 101 0 $aeng 135 $aurbn||||||||| 181 $ctxt$2rdacontent 182 $cc$2rdamedia 183 $acr$2rdacarrier 200 14$aThe computer model hydrotherm, a three-dimensional finite-difference model to simulate ground-water flow and heat transport in the temperature range of 0 to 1,200°C /$fby D. O. Hayba, and S. E. Ingebritsen 210 1$aReston, Virginia :$cU.S. Geological Survey,$d1994. 215 $a1 online resource (viii, 85 pages) $cillustrations 225 1 $aWater-resources investigations report ;$v94-4045 320 $aIncludes bibliographical references (pages 64-67). 606 $aHeat$xTransmission$xComputer simulation 606 $aGroundwater flow$xComputer simulation 606 $aGroundwater flow$xComputer simulation$2fast 606 $aHeat$xTransmission$xComputer simulation$2fast 615 0$aHeat$xTransmission$xComputer simulation. 615 0$aGroundwater flow$xComputer simulation. 615 7$aGroundwater flow$xComputer simulation. 615 7$aHeat$xTransmission$xComputer simulation. 700 $aHayba$b Daniel O.$01407134 702 $aIngebritsen$b S. E. 712 02$aGeological Survey (U.S.), 801 0$bCOP 801 1$bCOP 801 2$bOCLCO 801 2$bOCLCF 801 2$bGPO 906 $aBOOK 912 $a9910713662003321 996 $aThe computer model hydrotherm, a three-dimensional finite-difference model to simulate ground-water flow and heat transport in the temperature range of 0 to 1,200°C$93487720 997 $aUNINA